রোগ-শোক-ক্ষুধা মুক্তিতে বাংলার উদ্ভিদ / (Record no. 16597)
[ view plain ]
| 000 -LEADER | |
|---|---|
| fixed length control field | 00723nam a22001937a 4500 |
| 003 - CONTROL NUMBER IDENTIFIER | |
| control field | BD-DhSAU |
| 005 - DATE AND TIME OF LATEST TRANSACTION | |
| control field | 20230212125708.0 |
| 008 - FIXED-LENGTH DATA ELEMENTS--GENERAL INFORMATION | |
| fixed length control field | 221809b2014 bg | ||| |||| 001 0 ben d |
| 020 ## - INTERNATIONAL STANDARD BOOK NUMBER | |
| International Standard Book Number | 9789843368270 |
| 040 ## - CATALOGING SOURCE | |
| Original cataloging agency | BD-DhSAU |
| 082 ## - DEWEY DECIMAL CLASSIFICATION NUMBER | |
| Edition number | 22 |
| Classification number | 581.634 R1294 |
| 100 ## - MAIN ENTRY--PERSONAL NAME | |
| Personal name | রহমান, শেখ মো: মিজানুর |
| 245 ## - TITLE STATEMENT | |
| Title | রোগ-শোক-ক্ষুধা মুক্তিতে বাংলার উদ্ভিদ / |
| Statement of responsibility, etc. | শেখ মোঃ মিজানুর রহমান |
| 260 ## - PUBLICATION, DISTRIBUTION, ETC. (IMPRINT) | |
| Place of publication, distribution, etc. | ঢাকা; |
| Name of publisher, distributor, etc. | ফেসবাংলা লিমিটেড, |
| Date of publication, distribution, etc. | ২০১৪ |
| 300 ## - PHYSICAL DESCRIPTION | |
| Extent | ১০৮ পৃ. ; |
| Dimensions | ২২ সেমি। |
| 590 ## - Name of Cataloguer | |
| Name of Cataloger | kobir |
| 650 ## - SUBJECT ADDED ENTRY--TOPICAL TERM | |
| Topical term or geographic name as entry element | Botany |
| 942 ## - ADDED ENTRY ELEMENTS (KOHA) | |
| Source of classification or shelving scheme | Dewey Decimal Classification |
| Koha item type | Book |
| Withdrawn status | Lost status | Source of classification or shelving scheme | Damaged status | Not for loan | Collection code | Home library | Branch Name | Shelving location | Date acquired | Total Checkouts | Full call number | Barcode | Date last seen | Price effective from | Koha item type |
|---|---|---|---|---|---|---|---|---|---|---|---|---|---|---|---|
| Dewey Decimal Classification | Not For Loan | Reference | SAU Library | SAU Library | Reference | 26/10/2022 | 581.634 R1294 | 44061 | 16/02/2023 | 16/02/2023 | Book |
